Top 3 Continental: Africa - Statistics

General Stats
  • This quiz has been taken 24 times
  • The average score is 19 of 30
Answer Stats
Hint Answer % Correct
1st Mount Kilimanjaro
100%
1st Sahara Desert
100%
2nd Congo River
95%
3rd Lake Victoria
95%
1st Nile River
95%
1st Algeria
86%
1st Cairo
86%
3rd Lagos
86%
1st Madagascar
86%
3rd Niger River
86%
1st Atlas Mountains
81%
3rd Sudan
81%
1st Arabic
76%
2nd Kalahari Desert
76%
2nd Mount Kenya
71%
2nd English
67%
3rd French
67%
2nd Kinshasa
67%
2nd Lake Malawi
67%
3rd Namib Desert
67%
2nd Democratic Republic of Congo
62%
1st Lake Tanganyika
62%
2nd Yoruba
24%
1st Hausa
19%
3rd Oromo
19%
2nd Socotra
19%
3rd Tenerife
19%
2nd Drakensberg Mountains
14%
3rd Ethiopian Highlands
14%
3rd Ngaliema/Mount Stanley
5%
No matching quizzes found
Score Distribution
Percent of People with Each Score
Percentile by Number Answered
Your Score History
You have not taken this quiz